Statistics for Brandy Discography

Click here to take the quiz!

General Stats

  • This quiz has been taken 18 times
  • The average score is 6 of 8

Answer Stats

YearNameType% Correct
1994BrandyAlbum
100%
2002Full MoonAlbum
100%
1998Never Say NeverAlbum
100%
2004AfrodisiacAlbum
79%
2008HumanAlbum
79%
2005The Best of BrandyCompilation
64%
2012Two ElevenAlbum
64%
1999U Don't Know MeEP
21%

Score Distribution

Percentile by Number Answered

Percent of People with Each Score

Your Score History

You have not taken this quiz